Math(Pre Algebra and Trigonometry Quiz) - Statistics

General Stats
  • This quiz has been taken 105 times
  • The average score is 5 of 9
Answer Stats
Hint Answer % Correct
cos(full name) cosine
74%
tan(full name) tangent
74%
sin(full name) sine
70%
x=5.67x6 34.02
68%
x*5=0.5*4*10 4
65%
c=1/tan cot
46%
z=1/cos sec
46%
y=sin(pi/6) round to the nearest tenth 0.5
41%
y=1/sin csc
32%
No matching quizzes found
Score Distribution
Percent of People with Each Score
Percentile by Number Answered
Your Score History
You have not taken this quiz